000 00212nam a22000857a 4500
008 161201b xxu||||| |||| 00| 0 eng d
100 _91689
_aMalhtra,S.S
245 _aabc of Mathmetics
260 _aNew Delhi
_bHoly Faith
999 _c4401
_d4401